Poľnohospodárstvo sa tempom znižovania zamestnanosti stále drží na prvom mieste
Vývoj zamestnanosti v poľnohospodárstve v 90. rokoch. Problémy monitorovania zamestnanosti u súkromne hospodáriacich roľníkov. Pokles zamestnanosti v poľnohospodárstve po r. 1989. Príčiny sú hlavne v hlbokej ekonomickej recesii odvetvia. Zamestnanosť a produktivita práce v poľnohospodárstve.
Enregistré dans:
| Auteur principal: | |
|---|---|
| Format: | Chapitre de livre |
| Langue: | slovaque |
| Sujets: | |
| Tags: |
Pas de tags, Soyez le premier à ajouter un tag!
|
MARC
| LEADER | 00000naa a2200000 4500 | ||
|---|---|---|---|
| 001 | r034997 | ||
| 005 | 20230921103136.4 | ||
| 041 | 0 | |a slo | |
| 044 | |a SK | ||
| 245 | 1 | 0 | |a Poľnohospodárstvo sa tempom znižovania zamestnanosti stále drží na prvom mieste |c Stanislav Buchta |
| 520 | |a Vývoj zamestnanosti v poľnohospodárstve v 90. rokoch. Problémy monitorovania zamestnanosti u súkromne hospodáriacich roľníkov. Pokles zamestnanosti v poľnohospodárstve po r. 1989. Príčiny sú hlavne v hlbokej ekonomickej recesii odvetvia. Zamestnanosť a produktivita práce v poľnohospodárstve. | ||
| 610 | 2 | 0 | |a zamestnanosť |
| 610 | 2 | 0 | |a poľnohospodárstvo |
| 610 | 2 | 0 | |a produktivita práce |
| 610 | 2 | 0 | |a recesia |
| 610 | 2 | 0 | |a roľníci jednotlivo hospodáriaci |
| 610 | 2 | 0 | |a nezamestnanosť |
| 610 | 2 | 0 | |a Slovensko |
| 610 | 2 | 0 | |a 1989-1998 |
| 100 | 1 | |a Buchta, Stanislav | |